| 000 | 00435nam a2200193Ia 4500 | ||
|---|---|---|---|
| 008 | 170918s9999 xx 000 0 und d | ||
| 020 | _a590450522 | ||
| 050 | _bP332 1990 | ||
| 100 | _aPaulsen, Gary | ||
| 245 | _aWoodsong / | ||
| 245 | _cGary Paulsen. | ||
| 260 | _aNew York : | ||
| 260 | _bScholastic, | ||
| 260 | _c1990 | ||
| 300 | _a132 pages : | ||
| 300 | _bcolored illustration ; | ||
| 300 | _c19cm. | ||
| 500 | _a1090 | ||
| 999 |
_c342363 _d342363 |
||